| 000 | 01904nam a22002897a 4500 | ||
|---|---|---|---|
| 999 |
_c62656 _d62656 |
||
| 003 | Ge_BSU | ||
| 005 | 20250220111143.0 | ||
| 008 | 250117s2024 ge ||||| |||| 00| 0 geo d | ||
| 020 | _a9789941873386 | ||
| 041 | _ageo | ||
| 080 | _a37 მ-91 | ||
| 100 |
_aმუარი, ტარინ _924054 |
||
| 245 |
_aროგორ ჩამოვაყალიბოთ დამოუკიდებელი მსწავლელები : _bმეტაკოგნიტური, თვითრეგულირების და სწავლის უნარების სწავლება-გზამკვლევი პრაქტიკოსებისათვის / _cტარინ მუარი; ქართულად თარგმნა მ. ბოლქვაძემ; რედ. ნ. ბერიძე-გაბაიძე, ლელა თავდგირიძე; მთავ რედ. ნ. შეროზია, დ. დობორჯგინიძე. |
||
| 264 |
_aთბილისი, _bფავორიტი სტილი, _c2024. |
||
| 300 |
_a287 გვ.; _b21 სმ. |
||
| 500 | _aპარალ. სათ. ინგ. ენაზე | ||
| 501 | _aსაძიებელი გვ. 278-286 | ||
| 653 | _aპედაგოგიკა | ||
| 653 | _aსწავლა | ||
| 700 |
_aბოლქვაძე, მ. _eმთარგმნელი _910514 |
||
| 700 |
_aბერიძე,გაბაიძე, ნ. _eრედაქტორი _924055 |
||
| 700 |
_aთავდგირიძე, ლ. _eრედაქტორი _910726 |
||
| 700 |
_aშეროზია, ნ. _eმთ. რედ. _924056 |
||
| 700 |
_aდობორჯგინიძე, დ. _eმთ. რედ. _924057 |
||
| 856 |
_uhttps://cloud.mail.ru/public/o6h6/yrVCBTPX4 _yელ. ვერსია |
||
| 942 |
_2udc _cᲬᲘᲒᲜᲘ |
||